000 00598nam a2200265Ia 4500
005 20260401122257.0
008 008 250103s9999 xx 000 0 eng d
020 _a674298713
037 _aTB
040 _aEDL
040 _beng
040 _cEDL
041 _2eng
041 _aeng
084 _a704.9 SUL
084 _qEDL
245 0 _aFemale Body in Western Culture: Contemporary Perspectives
260 _aHarvard
260 _bHarvard University Press
300 _a386p
942 _cTB
942 _h704.9 SUL
999 _c1846170
_d1846170